[Event "Berlin-ch Seniors op 34th"]
[Site "Berlin"]
[Date "2018.02.03"]
[Round "5"]
[White "Willin, Bernhard"]
[Black "Shapiro, Yosip"]
[Result "1/2-1/2"]
[WhiteElo "1958"]
[BlackElo "2049"]
[PlyCount "94"]
[EventDate "2018.01.30"]
[EventType "swiss"]
[EventRounds "9"]
[EventCountry "GER"]
[SourceTitle "EXT 2020"]
[Source "ChessBase"]
[SourceDate "2019.10.17"]
[SourceVersion "1"]
[SourceVersionDate "2019.10.17"]
[SourceQuality "1"]

1. d4 Nf6 2. c4 e6 3. Nc3 d5 4. Bg5 Bb4 5. e3 c5 6. dxc5 Bxc3+ 7. bxc3 Qa5 8. Bxf6 gxf6 9. Qc2 dxc4 10. Bxc4 Qxc5 11. Be2 0-0 12. Rb1 Nd7 13. Nf3 f5 14. Rb4 Nf6 15. 0-0 b6 16. Rd1 Bb7 17. Rc4 Qe7 18. Qb2 Ne4 19. Rcd4 Nc5 20. Qb4 Qf6 21. a4 Bc6 22. a5 Rfb8 23. Rd6 Be8 24. axb6 axb6 25. Rxb6 Rxb6 26. Qxb6 Qxc3 27. Nd4 Ba4 28. Rb1 Rc8 29. h3 Ne4 30. Bh5 Qc7 31. Qa6 Nc5 32. Qc4 Bd7 33. Qb4 Qe5 34. Be2 f4 35. Nf3 Qf5 36. Nh4 Qc2 37. Bd1 Nd3 38. Bxc2 Nxb4 39. Rxb4 Rxc2 40. Rxf4 Bc6 41. Kh2 Kg7 42. Kg3 f6 43. Nf3 e5 44. Rb4 Bxf3 45. Kxf3 Kg6 46. Rg4+ Kf7 47. Rb4 h5 1/2-1/2

[Event "Berlin Lichtenberger op 16th"]
[Site "Berlin"]
[Date "2017.08.27"]
[Round "9"]
[White "Shapiro, Yosip"]
[Black "Maetzkow, Maximilian Paul"]
[Result "1-0"]
[WhiteElo "2098"]
[BlackElo "2172"]
[PlyCount "61"]
[EventDate "2017.08.19"]
[EventType "swiss"]
[EventRounds "9"]
[EventCountry "GER"]
[SourceTitle "CBM 180 Extra"]
[Source "ChessBase"]
[SourceDate "2017.10.06"]
[SourceVersion "1"]
[SourceVersionDate "2017.10.06"]
[SourceQuality "1"]

1. d4 Nf6 2. c4 c5 3. d5 b5 4. cxb5 a6 5. e3 g6 6. Nc3 Bg7 7. Nf3 0-0 8. Be2 axb5 9. Bxb5 d6 10. 0-0 Bd7 11. Bc4 Qb6 12. h3 Na6 13. e4 Rfb8 14. Rb1 Nc7 15. e5 dxe5 16. Nxe5 Bf5 17. Ra1 Qd6 18. Re1 Rb4 19. g4 Nxg4 20. hxg4 Bxe5 21. gxf5 Rxc4 22. Qe2 Bxc3 23. bxc3 Raa4 24. Qxe7 Qxd5 25. f3 Qxf5 26. Bh6 Ra8 27. Rad1 Rg4+ 28. Kf2 Rxa2+ 29. Re2 Rxe2+ 30. Qxe2 Ne6 31. Rd8+ 1-0

[Event "Berlin Lichtenberger op 16th"]
[Site "Berlin"]
[Date "2017.08.23"]
[Round "5"]
[White "Shapiro, Yosip"]
[Black "Bartoszewski Reiski, Olaf"]
[Result "0-1"]
[WhiteElo "2098"]
[BlackElo "1740"]
[PlyCount "96"]
[EventDate "2017.08.19"]
[EventType "swiss"]
[EventRounds "9"]
[EventCountry "GER"]
[SourceTitle "CBM 180 Extra"]
[Source "ChessBase"]
[SourceDate "2017.10.06"]
[SourceVersion "1"]
[SourceVersionDate "2017.10.06"]
[SourceQuality "1"]

1. d4 Nf6 2. c4 g6 3. Nc3 Bg7 4. e4 d6 5. Be2 0-0 6. h4 e5 7. d5 h5 8. Bg5 c6 9. Qd2 cxd5 10. Nxd5 Nc6 11. Nxf6+ Bxf6 12. 0-0-0 Bxg5 13. hxg5 Nd4 14. Nf3 Nxe2+ 15. Qxe2 Qc7 16. Kb1 Be6 17. Rc1 Rac8 18. Nd2 Qe7 19. Rc3 Kg7 20. Qe3 f5 21. gxf6+ Qxf6 22. Nf3 b6 23. b3 Qf4 24. Rd1 Qxe3 25. Rxe3 Rc6 26. Red3 Bg4 27. Rxd6 Rxd6 28. Rxd6 Bxf3 29. gxf3 Rxf3 30. b4 Rc3 31. c5 bxc5 32. b5 Rc4 33. a3 Ra4 34. Ka2 Ra5 35. Rd5 Rxb5 36. Rxe5 Kf6 37. Rd5 h4 38. f4 Rb6 39. Rxc5 Re6 40. Rc4 h3 41. e5+ Kf5 42. Rc7 Kxf4 43. Rf7+ Kg3 44. Rf6 Rxf6 45. exf6 h2 46. f7 h1Q 47. f8Q Qg2+ 48. Ka1 Qg1+ 0-1

[Event "Berlin Lichtenberger op 16th"]
[Site "Berlin"]
[Date "2017.08.21"]
[Round "3"]
[White "Shapiro, Yosip"]
[Black "Matthes, Benjamin"]
[Result "1-0"]
[WhiteElo "2098"]
[BlackElo "1879"]
[PlyCount "71"]
[EventDate "2017.08.19"]
[EventType "swiss"]
[EventRounds "9"]
[EventCountry "GER"]
[SourceTitle "CBM 180 Extra"]
[Source "ChessBase"]
[SourceDate "2017.10.06"]
[SourceVersion "1"]
[SourceVersionDate "2017.10.06"]
[SourceQuality "1"]

1. d4 d5 2. c4 e6 3. Nc3 c5 4. cxd5 exd5 5. Nf3 Nc6 6. g3 Nf6 7. Bg2 Be7 8. 0-0 0-0 9. Bg5 cxd4 10. Nxd4 Re8 11. Rc1 Bd7 12. Bf4 Nxd4 13. Qxd4 Be6 14. Nb5 Rc8 15. Rxc8 Qxc8 16. Nc7 Rd8 17. Rc1 Qd7 18. Qxa7 Rc8 19. Qxb7 Nh5 20. Be5 Bf6 21. f4 Bd8 22. Qc6 f6 23. Qxd7 Bxd7 24. Bxd5+ Kh8 25. Bd6 g6 26. Rc3 Rb8 27. Ne6 Bb6+ 28. Kf1 Re8 29. Rb3 Ba7 30. Nc5 Bg4 31. e4 Rd8 32. Rb7 Rxd6 33. Rxa7 f5 34. Ne6 h6 35. Nf8 fxe4 36. Rh7# 1-0

[Event "Berlin Lichtenrade op 12th"]
[Site "Berlin"]
[Date "2016.10.25"]
[Round "4"]
[White "Kasparov, Sergey"]
[Black "Shapiro, Yosip"]
[Result "1-0"]
[WhiteElo "2470"]
[BlackElo "2080"]
[PlyCount "89"]
[EventDate "2016.10.22"]
[EventType "swiss"]
[EventRounds "9"]
[EventCountry "GER"]
[SourceTitle "EXT 2018"]
[Source "ChessBase"]
[SourceDate "2017.10.13"]
[SourceVersion "1"]
[SourceVersionDate "2017.10.13"]
[SourceQuality "1"]

1. e4 c6 2. d4 d5 3. Nc3 dxe4 4. Nxe4 Bf5 5. Ng3 Bg6 6. Nh3 Nf6 7. Nf4 e5 8. Nxg6 hxg6 9. dxe5 Qa5+ 10. c3 Qxe5+ 11. Qe2 Nbd7 12. Bf4 Qxe2+ 13. Bxe2 Nd5 14. Bd2 0-0-0 15. 0-0 Bd6 16. Rfd1 Rde8 17. Bc4 N7f6 18. Bg5 Ne4 19. Bxd5 Bxg3 20. fxg3 Nxg5 21. Bc4 Re4 22. Bd3 Re3 23. Kf2 Re7 24. h4 Ne4+ 25. Bxe4 Rxe4 26. Re1 Rhe8 27. Rxe4 Rxe4 28. Kf3 Re5 29. g4 a5 30. Rd1 a4 31. b3 Kc7 32. Rd4 axb3 33. axb3 b5 34. g5 c5 35. Re4 Rd5 36. Re7+ Kd6 37. Rxf7 Rd3+ 38. Ke4 Rxc3 39. Rxg7 Rxb3 40. Rxg6+ Ke7 41. h5 Rg3 42. h6 Rg4+ 43. Kf5 Rh4 44. Rb6 b4 45. h7 1-0

[Event "Berlin Lichtenberger op 15th"]
[Site "Berlin"]
[Date "2016.08.17"]
[Round "5"]
[White "Grassi, Fabrizio"]
[Black "Shapiro, Yosip"]
[Result "0-1"]
[WhiteElo "1839"]
[BlackElo "2090"]
[PlyCount "91"]
[EventDate "2016.08.13"]
[EventType "swiss"]
[EventRounds "9"]
[EventCountry "GER"]
[SourceTitle "CBM 173 Extra"]
[Source "ChessBase"]
[SourceDate "2016.08.29"]
[SourceVersion "1"]
[SourceVersionDate "2016.08.29"]
[SourceQuality "1"]

1. d4 Nf6 2. Bf4 c5 3. e3 g6 4. c3 Bg7 5. Nf3 Qb6 6. Qb3 d5 7. Nbd2 0-0 8. Be2 Nc6 9. Ne5 c4 10. Qc2 Bf5 11. Qc1 Rac8 12. g4 Nxe5 13. gxf5 Nd3+ 14. Bxd3 cxd3 15. Be5 Ne4 16. Bxg7 Kxg7 17. f4 Qf6 18. Nxe4 dxe4 19. Qd2 Qh4+ 20. Qf2 Qxf2+ 21. Kxf2 gxf5 22. Rhg1+ Kh8 23. Rg5 e6 24. Rag1 Rg8 25. R5g3 Rg6 26. R1g2 Kg7 27. Ke1 Kf6 28. Kd2 Rcg8 29. c4 Rg4 30. Rxg4 Rxg4 31. Rg3 h5 32. Kc3 h4 33. Rh3 Ke7 34. b4 Kd6 35. a4 Kc6 36. a5 a6 37. Kb3 b5 38. axb6 Kxb6 39. Kc3 a5 40. bxa5+ Kxa5 41. Kb3 Kb6 42. Kc3 Ka6 43. Kb3 Ka5 44. Kc3 Ka4 45. d5 exd5 46. cxd5 0-1

[Event "Berlin Lichtenberger op 15th"]
[Site "Berlin"]
[Date "2016.08.15"]
[Round "3"]
[White "Simon, Ralf Axel"]
[Black "Shapiro, Yosip"]
[Result "1-0"]
[WhiteElo "2162"]
[BlackElo "2090"]
[PlyCount "149"]
[EventDate "2016.08.13"]
[EventType "swiss"]
[EventRounds "9"]
[EventCountry "GER"]
[SourceTitle "CBM 173 Extra"]
[Source "ChessBase"]
[SourceDate "2016.08.29"]
[SourceVersion "1"]
[SourceVersionDate "2016.08.29"]
[SourceQuality "1"]

1. Nf3 d5 2. d4 c6 3. c4 Nf6 4. e3 Bf5 5. Nc3 e6 6. Nh4 Be4 7. f3 Bg6 8. g3 Bh5 9. Qb3 b6 10. cxd5 Nxd5 11. Be2 Be7 12. Ng2 f6 13. e4 Nc7 14. Be3 Bf7 15. Rd1 0-0 16. 0-0 Nd7 17. Qa4 b5 18. Qc2 a5 19. Rd2 Qb8 20. Rc1 Rc8 21. Qd1 Nb6 22. Nb1 Qb7 23. Bf2 a4 24. Ne3 Rd8 25. Qf1 b4 26. Rdc2 Be8 27. Nd2 Rac8 28. b3 Nb5 29. Bxb5 cxb5 30. Nd1 Rxc2 31. Rxc2 Rc8 32. Qd3 Na8 33. Ne3 Rc7 34. d5 Rd7 35. Qf1 Nc7 36. dxe6 Nxe6 37. Nd5 Bf8 38. Nb6 Rc7 39. Qc1 Rxc2 40. Qxc2 Ng5 41. Kg2 a3 42. Nd5 Bc6 43. Bc5 Bxd5 44. Bxf8 Bxe4 45. Nxe4 Nxe4 46. Bxb4 Ng5 47. Qd3 Qc8 48. Kf2 Qb7 49. h4 Ne6 50. Bxa3 Kf7 51. Qd6 h5 52. Bc5 g5 53. hxg5 Nxg5 54. Qd3 Qc7 55. Qd5+ Ne6 56. Qxh5+ Kg7 57. b4 Qd7 58. Be3 Qd3 59. Qg4+ Kf7 60. Qe4 Qa3 61. Qb7+ Kg6 62. Qxb5 Qxa2+ 63. Qe2 Qb1 64. b5 Nc7 65. b6 Nd5 66. Bc5 Kf7 67. Qc4 Qd1 68. Bd4 Qd2+ 69. Kg1 Qd1+ 70. Kg2 Qd2+ 71. Bf2 Ke7 72. Qc5+ Ke6 73. b7 Qb2 74. Qc6+ Ke5 75. Qe8+ 1-0

[Event "Berlin-ch QT"]
[Site "Berlin"]
[Date "2016.04.03"]
[Round "9"]
[White "Kievelitz, Bernd"]
[Black "Shapiro, Yosip"]
[Result "0-1"]
[WhiteElo "1900"]
[BlackElo "2104"]
[PlyCount "33"]
[EventDate "2016.03.26"]
[EventType "swiss"]
[EventRounds "9"]
[EventCountry "GER"]
[SourceTitle "EXT 2022"]
[Source "ChessBase"]
[SourceDate "2021.10.06"]
[SourceVersion "1"]
[SourceVersionDate "2021.10.06"]
[SourceQuality "1"]

1. Nf3 d5 2. d4 c5 3. c4 e6 4. cxd5 exd5 5. Nc3 Nf6 6. g3 Nc6 7. Bg2 Be7 8. 0-0 0-0 9. dxc5 d4 10. Na4 Be6 11. b3 Qd7 12. Bf4 Rad8 13. Ne5 Nxe5 14. Bxe5 Bd5 15. Qxd4 Bxg2 16. Qxd7 Nxd7 17. Bxg7 0-1

[Event "Berlin-ch QT"]
[Site "Berlin"]
[Date "2016.03.31"]
[Round "6"]
[White "Shapiro, Yosip"]
[Black "Welz, Peter"]
[Result "0-1"]
[WhiteElo "2104"]
[BlackElo "2118"]
[PlyCount "96"]
[EventDate "2016.03.26"]
[EventType "swiss"]
[EventRounds "9"]
[EventCountry "GER"]
[SourceTitle "EXT 2022"]
[Source "ChessBase"]
[SourceDate "2021.10.06"]
[SourceVersion "1"]
[SourceVersionDate "2021.10.06"]
[SourceQuality "1"]

1. c4 f5 2. d4 Nf6 3. Nc3 e6 4. Nf3 Be7 5. Bf4 0-0 6. e3 Nh5 7. Be2 Nc6 8. d5 Nxf4 9. exf4 Nb4 10. a3 Na6 11. b4 Bf6 12. Rc1 c5 13. b5 Qa5 14. Ne5 d6 15. bxa6 dxe5 16. axb7 Bxb7 17. Qa4 Qxa4 18. Nxa4 exd5 19. fxe5 Bxe5 20. Bf3 Bf4 21. Rb1 Rfe8+ 22. Kd1 Bc6 23. Nc3 Rab8 24. Kc2 Kf8 25. Rxb8 Rxb8 26. Bxd5 Bxd5 27. cxd5 Be5 28. Re1 Bd4 29. f3 c4 30. Rd1 Bf6 31. g4 Rb3 32. Nb1 Rxf3 33. gxf5 Rxf5 34. Rd2 Rf3 35. Re2 Rb3 36. Re4 Rb2+ 37. Kc1 c3 38. h4 Rh2 39. Rc4 Rxh4 40. Rc8+ Ke7 41. Nxc3 Bxc3 42. Rxc3 g5 43. Rc6 g4 44. Kd2 h5 45. Ke2 Rh2+ 46. Kf1 Rd2 47. Ra6 h4 48. Ra4 h3 0-1

[Event "Berlin-ch QT"]
[Site "Berlin"]
[Date "2016.03.28"]
[Round "3"]
[White "Seefeld, Marc"]
[Black "Shapiro, Yosip"]
[Result "1/2-1/2"]
[WhiteElo "1908"]
[BlackElo "2104"]
[PlyCount "59"]
[EventDate "2016.03.26"]
[EventType "swiss"]
[EventRounds "9"]
[EventCountry "GER"]
[SourceTitle "EXT 2022"]
[Source "ChessBase"]
[SourceDate "2021.10.06"]
[SourceVersion "1"]
[SourceVersionDate "2021.10.06"]
[SourceQuality "1"]

1. d4 Nf6 2. c4 e6 3. Nc3 d5 4. e3 Bb4 5. Bd2 0-0 6. Nf3 c5 7. Bd3 cxd4 8. exd4 dxc4 9. Bxc4 Nc6 10. a3 Ba5 11. Be3 Nd5 12. Bxd5 Bxc3+ 13. bxc3 exd5 14. 0-0 Bg4 15. h3 Bh5 16. g4 Bg6 17. Ne5 Na5 18. Qa4 b6 19. Qd7 Qxd7 20. Nxd7 Rfc8 21. Ne5 Rxc3 22. Rfc1 Rac8 23. Rxc3 Rxc3 24. Bd2 Rxh3 25. Rc1 h5 26. Rc8+ Kh7 27. Nd7 Be4 28. Nf8+ Kg8 29. Ng6+ Kh7 30. Nf8+ 1/2-1/2

[Event "Berlin-ch Seniors op 32nd"]
[Site "Berlin"]
[Date "2016.02.04"]
[Round "9"]
[White "Mayer, Herbert"]
[Black "Shapiro, Yosip"]
[Result "0-1"]
[WhiteElo "1965"]
[BlackElo "2083"]
[PlyCount "58"]
[EventDate "2016.01.26"]
[EventType "swiss"]
[EventRounds "9"]
[EventCountry "GER"]
[SourceTitle "EXT 2019"]
[Source "ChessBase"]
[SourceDate "2018.10.10"]
[SourceVersion "1"]
[SourceVersionDate "2018.10.10"]
[SourceQuality "1"]

1. f4 d5 2. b3 Nf6 3. Nf3 g6 4. Bb2 Bg7 5. e3 0-0 6. Be2 c5 7. 0-0 Nc6 8. Ne5 Qc7 9. Nxc6 Qxc6 10. Bf3 Bf5 11. d3 Qe6 12. Re1 Rac8 13. Qe2 h5 14. Nd2 Bg4 15. Rad1 b5 16. Bxg4 hxg4 17. c4 b4 18. cxd5 Nxd5 19. Bxg7 Kxg7 20. Nc4 Nc3 21. Qb2 f6 22. Rd2 Rcd8 23. e4 Rd4 24. Re3 Rfd8 25. Qc2 a5 26. a4 Qd7 27. Nxa5 Rxe4 28. Rde2 Nxe2+ 29. Rxe2 Qd4+ 0-1

[Event "Berlin Kreuzberg op"]
[Site "Berlin"]
[Date "2015.07.19"]
[Round "9"]
[White "Acikel, Mert"]
[Black "Shapiro, Yosip"]
[Result "1-0"]
[WhiteElo "1793"]
[BlackElo "2114"]
[PlyCount "71"]
[EventDate "2015.07.11"]
[EventType "swiss"]
[EventRounds "9"]
[EventCountry "GER"]
[SourceTitle "CBM 167 Extra"]
[Source "ChessBase"]
[SourceDate "2015.09.14"]
[SourceVersion "1"]
[SourceVersionDate "2015.09.14"]
[SourceQuality "1"]

1. e4 c6 2. d4 d5 3. Nc3 dxe4 4. Nxe4 Bf5 5. Ng3 Bg6 6. h4 h6 7. Nf3 e6 8. h5 Bh7 9. Bd3 Bxd3 10. Qxd3 Nf6 11. Bd2 Nbd7 12. 0-0-0 Qc7 13. c4 Bd6 14. Ne4 Bf4 15. g3 Bxd2+ 16. Rxd2 Nxe4 17. Qxe4 Nf6 18. Qe2 Qa5 19. b3 0-0 20. Ne5 c5 21. Kb2 a6 22. dxc5 Qxc5 23. Nd7 Nxd7 24. Rxd7 b5 25. Rh4 Rac8 26. Qe3 bxc4 27. Qxc5 Rxc5 28. Rxc4 Rxh5 29. Ra7 a5 30. Ra4 Rf5 31. f4 Rd5 32. g4 f5 33. Rc4 Rf6 34. g5 hxg5 35. fxg5 Rg6 36. Ra8+ 1-0

[Event "Berlin Kreuzberg op"]
[Site "Berlin"]
[Date "2015.07.15"]
[Round "5"]
[White "Kuehn, Timo"]
[Black "Shapiro, Yosip"]
[Result "0-1"]
[WhiteElo "1900"]
[BlackElo "2114"]
[PlyCount "76"]
[EventDate "2015.07.11"]
[EventType "swiss"]
[EventRounds "9"]
[EventCountry "GER"]
[SourceTitle "CBM 167 Extra"]
[Source "ChessBase"]
[SourceDate "2015.09.14"]
[SourceVersion "1"]
[SourceVersionDate "2015.09.14"]
[SourceQuality "1"]

1. e4 c6 2. d4 d5 3. exd5 cxd5 4. c4 Nf6 5. Nc3 Nc6 6. Nf3 g6 7. a3 Bg7 8. c5 a5 9. Bb5 0-0 10. 0-0 Bg4 11. Bxc6 bxc6 12. h3 Bxf3 13. Qxf3 e5 14. Be3 Nd7 15. Qd1 Qe7 16. Na4 f5 17. dxe5 Bxe5 18. Bh6 Rfb8 19. Qc2 Qf6 20. Bc1 Rb5 21. Rb1 Rab8 22. Re1 Bd4 23. Bf4 Be5 24. Bxe5 Nxe5 25. Qc3 d4 26. Qc1 Kh8 27. Rd1 f4 28. f3 Rb3 29. Qd2 Rd3 30. Qf2 Re3 31. Nb6 d3 32. Rd2 Re8 33. b4 axb4 34. Rxb4 Qg5 35. Kf1 Nxf3 36. gxf3 Re1+ 37. Qxe1 Rxe1+ 38. Kxe1 Qg1# 0-1

[Event "Berlin Kreuzberg op"]
[Site "Berlin"]
[Date "2015.07.14"]
[Round "4"]
[White "Shapiro, Yosip"]
[Black "Steinborn, Bjoern"]
[Result "1-0"]
[WhiteElo "2114"]
[BlackElo "1900"]
[PlyCount "81"]
[EventDate "2015.07.11"]
[EventType "swiss"]
[EventRounds "9"]
[EventCountry "GER"]
[SourceTitle "CBM 167 Extra"]
[Source "ChessBase"]
[SourceDate "2015.09.14"]
[SourceVersion "1"]
[SourceVersionDate "2015.09.14"]
[SourceQuality "1"]

1. Nf3 Nf6 2. c4 e6 3. Nc3 d5 4. d4 c6 5. Bg5 Be7 6. e3 Nbd7 7. Bd3 h6 8. Bh4 0-0 9. 0-0 dxc4 10. Bxc4 Nd5 11. Bg3 N7f6 12. Nd2 Nxc3 13. bxc3 b6 14. e4 Bb7 15. e5 Nd5 16. Qb3 Rc8 17. Ne4 c5 18. Nd6 Bxd6 19. exd6 cxd4 20. cxd4 Qd7 21. Rac1 Nf6 22. Bb5 Bc6 23. Ba6 Bb7 24. Bxb7 Qxb7 25. Rc7 Rxc7 26. dxc7 Ne4 27. Rc1 Rc8 28. Be5 Qd5 29. f3 Qxb3 30. axb3 Nf6 31. b4 Nd5 32. b5 f6 33. Bg3 Kf7 34. Ra1 Ke8 35. Rxa7 Kd7 36. Rb7 Nxc7 37. Rxb6 e5 38. dxe5 fxe5 39. Bxe5 Ne6 40. Rb7+ Kd8 41. Bxg7 1-0

[Event "Berlin Kreuzberg op"]
[Site "Berlin"]
[Date "2015.07.13"]
[Round "3"]
[White "Kalinitschew, Sergey"]
[Black "Shapiro, Yosip"]
[Result "1-0"]
[WhiteElo "2427"]
[BlackElo "2114"]
[PlyCount "53"]
[EventDate "2015.07.11"]
[EventType "swiss"]
[EventRounds "9"]
[EventCountry "GER"]
[SourceTitle "CBM 167 Extra"]
[Source "ChessBase"]
[SourceDate "2015.09.14"]
[SourceVersion "1"]
[SourceVersionDate "2015.09.14"]
[SourceQuality "1"]

1. Nf3 Nf6 2. c4 e6 3. Nc3 d5 4. d4 Bb4 5. e3 0-0 6. Bd3 c5 7. 0-0 cxd4 8. exd4 dxc4 9. Bxc4 Nc6 10. Bg5 h6 11. Bh4 g5 12. Bg3 g4 13. Ne5 Qxd4 14. Qe2 Bxc3 15. Nxc6 bxc6 16. Bd3 Nh5 17. bxc3 Nxg3 18. hxg3 Qa4 19. Rab1 f5 20. Bc4 Kg7 21. Rfd1 Qa3 22. Qe5+ Rf6 23. Qc7+ Rf7 24. Qxc6 Qxc3 25. Qxa8 Qxc4 26. Rbc1 Bb7 27. Qxb7 1-0

[Event "Berlin-ch Seniors op 31st"]
[Site "Berlin"]
[Date "2015.02.07"]
[Round "9"]
[White "Reichenbach, Werner"]
[Black "Shapiro, Yosip"]
[Result "0-1"]
[WhiteElo "2159"]
[BlackElo "1954"]
[PlyCount "97"]
[EventDate "2015.01.29"]
[EventType "swiss"]
[EventRounds "9"]
[EventCountry "GER"]
[SourceTitle "EXT 2018"]
[Source "ChessBase"]
[SourceDate "2017.10.13"]
[SourceVersion "1"]
[SourceVersionDate "2017.10.13"]
[SourceQuality "1"]

1. e4 c6 2. d4 d5 3. e5 Bf5 4. Nf3 e6 5. Nbd2 Ne7 6. Nb3 Nd7 7. Be2 h6 8. 0-0 Bh7 9. Ne1 Nf5 10. c4 dxc4 11. Bxc4 Nb6 12. Be2 Be7 13. Nf3 0-0 14. g3 Rc8 15. Bd3 Bg6 16. Be2 Rc7 17. h3 Rd7 18. Qe1 Nd5 19. Bd2 b6 20. Rc1 Rc7 21. Rc4 Qc8 22. a3 a5 23. Kh2 Qa8 24. Qd1 Rfc8 25. g4 Nh4 26. Nxh4 Bxh4 27. Be3 Bg5 28. Qd2 Nxe3 29. fxe3 a4 30. Na1 c5 31. Bf3 Be4 32. Be2 b5 33. Rxc5 Rxc5 34. dxc5 Rxc5 35. Qd4 Qd5 36. Kg3 Qxe5+ 37. Qxe5 Rxe5 38. Rd1 Bg6 39. h4 Rxe3+ 40. Kf2 Bf4 41. Rd8+ Kh7 42. h5 Be4 43. Rd4 f5 44. gxf5 exf5 45. Bxb5 Rh3 46. Rd8 Rh2+ 47. Ke1 Rxh5 48. Bc4 Rh1+ 49. Ke2 0-1

[Event "Berlin-ch Seniors op 31st"]
[Site "Berlin"]
[Date "2015.02.05"]
[Round "7"]
[White "Federau, Juergen"]
[Black "Shapiro, Yosip"]
[Result "1/2-1/2"]
[WhiteElo "2052"]
[BlackElo "1954"]
[PlyCount "81"]
[EventDate "2015.01.29"]
[EventType "swiss"]
[EventRounds "9"]
[EventCountry "GER"]
[SourceTitle "EXT 2018"]
[Source "ChessBase"]
[SourceDate "2017.10.13"]
[SourceVersion "1"]
[SourceVersionDate "2017.10.13"]
[SourceQuality "1"]

1. d4 Nf6 2. c4 e6 3. Nc3 d5 4. cxd5 exd5 5. Bg5 c6 6. e3 Be7 7. Qc2 Nbd7 8. Bd3 Nf8 9. Nge2 Ng6 10. 0-0 0-0 11. Ng3 Re8 12. Rae1 Nf8 13. Nf5 Bxf5 14. Bxf5 Nh5 15. Bxe7 Qxe7 16. Rb1 Qg5 17. Ne2 Rad8 18. b4 Rd6 19. b5 Nf6 20. Ng3 Ng4 21. Bxg4 Qxg4 22. Qf5 Qxf5 23. Nxf5 Rd7 24. bxc6 bxc6 25. Rfc1 Rc8 26. Rb3 g6 27. Nh4 Ne6 28. Nf3 Rdc7 29. g3 c5 30. dxc5 Rxc5 31. Rxc5 Rxc5 32. Ra3 a5 33. Ra4 Nd8 34. Nd4 Nb7 35. Kf1 Kf8 36. Ke2 Ke7 37. Ra3 Kd7 38. Kd3 Rc4 39. Kd2 Kd6 40. f3 a4 41. h4 1/2-1/2

[Event "Berlin Lichtenrade op 10th"]
[Site "Berlin"]
[Date "2014.10.25"]
[Round "8"]
[White "Stigar, Petter"]
[Black "Shapiro, Yosip"]
[Result "1/2-1/2"]
[WhiteElo "2225"]
[BlackElo "2047"]
[PlyCount "70"]
[EventDate "2014.10.18"]
[EventType "swiss"]
[EventRounds "9"]
[EventCountry "GER"]
[SourceTitle "EXT 2015"]
[Source "ChessBase"]
[SourceDate "2014.11.20"]
[SourceVersion "1"]
[SourceVersionDate "2014.11.20"]
[SourceQuality "1"]

1. c4 c5 2. Nf3 Nf6 3. Nc3 Nc6 4. g3 g6 5. Bg2 Bg7 6. 0-0 d6 7. d4 cxd4 8. Nxd4 Bd7 9. Nc2 0-0 10. b3 a6 11. Bb2 Rb8 12. Nd5 Nxd5 13. Bxg7 Kxg7 14. cxd5 Ne5 15. Qd4 f6 16. f4 Ng4 17. h3 Nh6 18. g4 Qa5 19. Qb4 Qxb4 20. Nxb4 Rfc8 21. Rac1 Bb5 22. a4 Bd7 23. Nd3 Nf7 24. Kf2 a5 25. Rxc8 Rxc8 26. Rc1 Rxc1 27. Nxc1 b5 28. axb5 Bxb5 29. Be4 Nd8 30. Bd3 Bd7 31. Bc4 h5 32. Kf3 hxg4+ 33. hxg4 g5 34. e3 Nf7 35. Nd3 Kf8 1/2-1/2